000 00558nam a22001937a 4500
003 BUBTL
008 170517b xxu||||| |||| 00| 0 eng d
020 _a978-93-85059-56-8
082 _a677SHE
100 _91192
_aShaikh,Tasnim N.
245 _aEngineering Techniques of Ring Spinning
260 _aIndia
_bWoodhead Publishing India
_cc2016
300 _a[x],213p.
_bills.
_c21cm.
650 0 _9909
_aTextile Engineering
700 _91193
_aShaikh,Tasnim N.
856 _k0
_l0
_yDownload
942 _2ddc
_cBK
999 _c5447
_d5447